00564nam a2200205Ia 450000500170000000800410001702000140005808200140007210000200008624500190010626000300012530000200015565000180017565000120019365000140020565000210021994200060024095200970024699900150034320241205010716.0240331s9999 xx 000 0 und d a041590463 bDEVa891  aDevi, Mahasweta 0aImaginary Maps aNew YorkbRoutledgec1995 aXXXI, 213 p .,  aShort Stories aHistory aCriticism aIndia Literature cL 001040708LaWERCLbWERCLcSSCd2024-03-31l0o 891.4 DEVp3936r2024-03-31w2024-03-31yL c3379d3379